Songs an ersten Zeilen erkennen - Statistiken

Allgemein
  • Dieses Quiz wurde 153 mal gespielt
  • Das Durchschnittsergebnis liegt bei 5 aus 15
Antwortstatistiken
Hinweis Lösung % Korrekt
You can dance, you can jive // Having the time of your life Dancing Queen (ABBA)
60%
I remember when // I remember, I remember when Ilost my mind // There was something so pleasant about that place Crazy (Gnarls Barkley)
59%
I still hear youre voice when you sleep next to me //I still feel your touch in my dreams Everytime we touch (Cascada)
51%
I heard that you're settled down // That you found a girland you're married now Someone like you (Adele)
50%
Wie man eine Liebe maximal romantisch lebt, willjeder wissen // Keiner hilft uns - Fairplay Willst du (Alligatoah)
46%
Weißt du noch, als wir am Meer war'n? // Baby, wie langist es schon her, als du meintest, du wirst immer bei mir bleiben? Vermissen (Juju, Henning May)
45%
Like the legend of the phoenix, huh // Our ends werebeginnings // What keeps the planet spinning? Ah // The force from the beginning Get lucky (Pharrell Williams)
37%
Oh, he treats me with respect, he says he loves meall the time // He calls me fifteen times a day, he likes to make sure that I'm fine Not fair (Lily Allen)
31%
Du // Hast viel geweint // Im Geist getrennt // Im Herzvereint Deutschland (Rammstein)
30%
Sometimes I feel like I don't have a partner //Sometimes I feel like my only friend // Is the city I live in, the city of angels // Lonely as I am, together we cry Under the bridge (Red hot chili peppers)
24%
So you face it with a smile // There is no need to cryfor a tifle's more than this Narcotic (Liquido)
22%
Ich hass' nichts mehr als mich zu verspäten // DieSonne brennt und im Auto ist's heiß Mambo (Herbert Grönemeyer)
20%
We're talking away // I don't know what I'm to say //I'll say it anyway
Take on me (a-ha)
15%
Ich warte schon so lange auf den einen Moment // Ich binauf der Suche nach hundert Prozent So soll es bleiben (Ich + Ich)
13%
Summer mood, hot sand under my feet // Cold beer,cheap wine, yeah, that's all that we need We got the moves (Electric callboy)
11%
Keine übereinstimmenden Quizze gefunden
Verteilung der Resultate
Anzahl Personen mit jedem Resultat
Perzentil nach korrekt beantworteten Fragen
Ihre Resultats-Entwicklung
Sie haben dieses Quiz noch nicht gespielt